| 000 | 01827nam0a2200385 i 4500 | ||
|---|---|---|---|
| 001 | RU\NLR\BIBL_A\010018033 | ||
| 005 | 20240921211646.0 | ||
| 010 |
_a9785959007331 _9500 |
||
| 021 |
_aRU _b2013-91132 _96308 |
||
| 035 | _a(NILC)RuMoRGB-006695233 | ||
| 035 | _a(NLR Aleph) 010018033 | ||
| 090 |
_a9886716 _c9886716 |
||
| 100 | _a20131225d2013 k y0rusy50 ca | ||
| 101 | 0 | _arus | |
| 102 | _aRU | ||
| 105 | _aa z 000yy | ||
| 200 | 1 |
_aИнформационное обеспечение контроля таможенной стоимости _eмонография _fЭ. П. Купринов, М. В. Долгова, Л. В. Момсикова _gГос. казенное образовательное учреждение высш. проф. образования "Российская таможенная акад." |
|
| 210 |
_aМосква _cИзд-во Российской таможенной академии _d2013 |
||
| 215 |
_a119 с. _cил., табл. _d25 |
||
| 320 | _aБиблиогр.: с. 105-109 (88 назв.) | ||
| 606 | 1 |
_aТаможенное дело _xИнформационное обеспечение _yРоссийская Федерация _92103615 _3RU\NLR\AUTH\661575619 |
|
| 610 | 0 | _aтаможенная стоимость товаров, контроль | |
| 675 | _a339.543 | ||
| 686 | 1 | _aХ621.165.203.1 | |
| 686 | 1 | _aУ43(2)-866в612 | |
| 700 | 1 |
_aКупринов _bЭ. П. _gЭдуард Павлович |
|
| 701 | 1 |
_aДолгова _bМ. В. _gМария Владимировна |
|
| 701 | 1 |
_aМомсикова _bЛ. В. _gЛариса Вячеславовна |
|
| 801 | 0 |
_aRU _bRuMoRKP _c20131111 _gRCR |
|
| 801 | 2 |
_aRU _bРГБ _c20131122 _grcr |
|
| 801 | 1 |
_aRU _bRuMoRKP _c20131111 _2rusmarc |
|
| 942 | _cBOOK | ||
| 980 | _aNBR | ||